000 00510nam a22001937a 4500
005 20260515152714.0
008 260515b |||||||| |||| 00| 0 eng d
020 _a9789332549425
_c830.00
040 _aMAIN
041 _aEnglish
082 _a511.3
_bKLI
100 _aKlir, George J.
245 _aFuzzy Sets And Fuzzy Logic
_b: Theory and Applications
260 _aNoida
_bPearson
_c2015
300 _a574
650 _aComputer Science (PM (USHA)
_926808
700 _aYuan, Bo
_95396
942 _cBK
999 _c60806
_d60806